[Event "GER-chT U14 Girls"]
[Site "Willingen"]
[Date "2021.06.25"]
[Round "4.5"]
[White "Foos, Vanessa"]
[Black "Lorenz, Anouk"]
[Result "1-0"]
[WhiteElo "1380"]
[BlackElo "1460"]
[PlyCount "133"]
[EventDate "2021.06.23"]
[EventType "team-swiss"]
[EventRounds "7"]
[EventCountry "GER"]
[SourceTitle "EXT 2022"]
[Source "ChessBase"]
[SourceDate "2021.10.06"]
[SourceVersion "1"]
[SourceVersionDate "2021.10.06"]
[SourceQuality "1"]
[WhiteTeam "Norderstedt"]
[BlackTeam "Halle Roter Turm"]
[WhiteTeamCountry "GER"]
[BlackTeamCountry "GER"]

1. d4 Nf6 2. c4 e6 3. Nc3 Bb4 4. Bd2 0-0 5. Nf3 c5 6. dxc5 Na6 7. a3 Bxc3 8. Bxc3 Nxc5 9. g3 b6 10. Bg2 Bb7 11. 0-0 d5 12. Bxf6 Qxf6 13. b4 Ne4 14. cxd5 Bxd5 15. Rc1 Qb2 16. Qd3 Rac8 17. Rxc8 Rxc8 18. Nd4 Nf6 19. Bxd5 Nxd5 20. Qa6 Rf8 21. e3 h6 22. Qxa7 Rc8 23. b5 Rc3 24. a4 Qd2 25. Nf3 Qd3 26. Ne5 Qf5 27. e4 Qxe5 28. exd5 Qxd5 29. Qxb6 Ra3 30. Qa7 Rb3 31. Ra1 Rd3 32. h3 Rd1+ 33. Rxd1 Qxd1+ 34. Kh2 h5 35. Qa8+ Kh7 36. b6 Qe2 37. Kg2 h4 38. Qf3 Qe5 39. Qf4 Qd5+ 40. Qf3 Qe5 41. Qd3+ g6 42. Qd7 Qe4+ 43. Kf1 Qb1+ 44. Ke2 Qb2+ 45. Kf3 Qxb6 46. Qxf7+ Kh6 47. Qf8+ Kh7 48. Qe7+ Kg8 49. Qxh4 Qb3+ 50. Kg2 Qd5+ 51. Kh2 Qd2 52. Qf6 Kh7 53. Qf7+ Kh8 54. Qa7 g5 55. Qa8+ Kg7 56. Kg2 e5 57. a5 e4 58. Qb7+ Kf6 59. a6 Qe2 60. Qc6+ Kf7 61. Qd7+ Kg6 62. Qe6+ Kg7 63. Qg4 Qxa6 64. Qxg5+ Kf7 65. Qf5+ Kg7 66. Qxe4 Kf7 67. g4 1-0

[Event "GER-ch U14 Girls"]
[Site "Willingen"]
[Date "2020.10.23"]
[Round "6"]
[White "Lorenz, Anouk"]
[Black "Roncea, Andrea Alexandra"]
[Result "0-1"]
[WhiteElo "1504"]
[BlackElo "1644"]
[PlyCount "98"]
[EventDate "2020.10.19"]
[EventType "swiss"]
[EventRounds "7"]
[EventCountry "GER"]
[SourceTitle "EXT 2022"]
[Source "ChessBase"]
[SourceDate "2021.10.06"]
[SourceVersion "1"]
[SourceVersionDate "2021.10.06"]
[SourceQuality "1"]

1. e4 e5 2. Nf3 Nc6 3. d4 exd4 4. Bc4 Bc5 5. Ng5 Nh6 6. Nxf7 Nxf7 7. Bxf7+ Kxf7 8. Qh5+ g6 9. Qxc5 d6 10. Qb5 Re8 11. 0-0 Kg7 12. Bg5 Qd7 13. f4 Rxe4 14. Nd2 Re8 15. Rf3 Qf5 16. Qb3 Re2 17. Rd1 Na5 18. Qa4 Nc6 19. h3 Bd7 20. g4 Qd5 21. Rf2 Re3 22. Qc4 Qxc4 23. Nxc4 Rxh3 24. Kg2 Bxg4 25. Re1 h6 26. Be7 Kf7 27. Bxd6 cxd6 28. Nxd6+ Kf8 29. Nxb7 Re3 30. Rb1 Nb4 31. a3 Nd5 32. Kg1 Ke7 33. Rd2 Nxf4 34. Kf1 Rf3+ 35. Kg1 Ne6 36. a4 Rf5 37. b4 Bf3 38. Na5 Rb8 39. Nc4 Bd5 40. Na3 Rg5+ 41. Kh2 a6 42. b5 axb5 43. Nxb5 Bc6 44. Re1 Bxb5 45. axb5 Rbxb5 46. Rxd4 Rh5+ 47. Kg3 Rbg5+ 48. Rg4 Rxg4+ 49. Kxg4 Rc5 0-1

[Event "GER-ch U14 Girls"]
[Site "Willingen"]
[Date "2020.10.23"]
[Round "5"]
[White "Pikki, Daria"]
[Black "Lorenz, Anouk"]
[Result "1-0"]
[WhiteElo "1545"]
[BlackElo "1504"]
[PlyCount "87"]
[EventDate "2020.10.19"]
[EventType "swiss"]
[EventRounds "7"]
[EventCountry "GER"]
[SourceTitle "EXT 2022"]
[Source "ChessBase"]
[SourceDate "2021.10.06"]
[SourceVersion "1"]
[SourceVersionDate "2021.10.06"]
[SourceQuality "1"]

1. d4 f5 2. c4 Nf6 3. Nc3 g6 4. Nf3 Bg7 5. g3 0-0 6. Bg2 d6 7. 0-0 Qe8 8. b3 e5 9. dxe5 dxe5 10. e4 c6 11. Bb2 Na6 12. Qe2 f4 13. Qd2 Rf7 14. Qd6 Ng4 15. Qd2 Nc5 16. Qe2 h6 17. Nh4 Re7 18. Rad1 Nf6 19. Ba3 b6 20. Rd6 g5 21. Nf5 Bxf5 22. exf5 Rc8 23. Qd2 Rd7 24. Bxc5 bxc5 25. Rxd7 Nxd7 26. Rd1 Nf6 27. Qd6 Qf8 28. Qe6+ Kh8 29. Bxc6 Qg8 30. Bd5 Qf8 31. Qa6 Rc7 32. Nb5 Rd7 33. Nxa7 Nxd5 34. Rxd5 Rxd5 35. cxd5 Qxf5 36. Qe6 Qxe6 37. dxe6 Bf6 38. Nc6 Kg7 39. a4 e4 40. a5 fxg3 41. hxg3 Bd4 42. a6 Kf6 43. Nxd4 cxd4 44. a7 1-0

[Event "GER-chT U20"]
[Site "Osnabrueck"]
[Date "2018.12.30"]
[Round "7.5"]
[White "Helmrich, Daniel"]
[Black "Lorenz, Anouk"]
[Result "0-1"]
[WhiteElo "1783"]
[BlackElo "1413"]
[PlyCount "110"]
[EventDate "2018.12.27"]
[EventType "team-swiss"]
[EventRounds "7"]
[EventCountry "GER"]
[SourceTitle "EXT 2020"]
[Source "ChessBase"]
[SourceDate "2019.10.17"]
[SourceVersion "1"]
[SourceVersionDate "2019.10.17"]
[SourceQuality "1"]
[WhiteTeam "Plauen Koenig"]
[BlackTeam "Saalfeld"]
[WhiteTeamCountry "GER"]
[BlackTeamCountry "GER"]

1. e4 c5 2. Nc3 Nc6 3. g3 g6 4. Bg2 Bg7 5. d3 Nf6 6. f4 d6 7. Nf3 0-0 8. 0-0 Bg4 9. h3 Be6 10. Ne2 Qc8 11. Kh2 Ne8 12. g4 Nc7 13. c3 d5 14. f5 Bd7 15. Bf4 e6 16. Bd6 Re8 17. fxg6 fxg6 18. Nf4 b6 19. exd5 exd5 20. a4 Rd8 21. d4 cxd4 22. Nxd4 Nxd4 23. Bxd5+ Nxd5 24. Nxd5 Nc6 25. Nc7 Rb8 26. Qd5+ Kh8 27. Rf7 Rb7 28. Raf1 Rxc7 29. Rxg7 Be6 30. Rxc7 Bxd5 31. Rxc8 Rxc8 32. Rd1 Bb3 33. Ra1 Rd8 34. Bf4 Re8 35. Bh6 Na5 36. Rf1 Kg8 37. Rf4 Nc4 38. Kg3 Nd6 39. Kf3 Nf7 40. g5 Nxh6 41. gxh6 Rf8 42. a5 Rxf4+ 43. Kxf4 bxa5 44. Ke5 Kf7 45. h4 Ke7 46. Kd4 Kd6 47. c4 a4 48. c5+ Kc6 49. Ke5 Kxc5 50. Kf6 Kd6 51. Kg7 Ke7 52. Kxh7 Kf7 53. Kh8 Kf8 54. Kh7 Bf7 55. b3 a3 0-1

[Event "GER-chT U20"]
[Site "Osnabrueck"]
[Date "2018.12.29"]
[Round "6.5"]
[White "Lorenz, Anouk"]
[Black "Fischer, Patrick"]
[Result "1/2-1/2"]
[WhiteElo "1413"]
[BlackElo "1658"]
[PlyCount "88"]
[EventDate "2018.12.27"]
[EventType "team-swiss"]
[EventRounds "7"]
[EventCountry "GER"]
[SourceTitle "CBM 188 Extra"]
[Source "ChessBase"]
[SourceDate "2019.02.26"]
[SourceVersion "1"]
[SourceVersionDate "2019.02.26"]
[SourceQuality "1"]
[WhiteTeam "Saalfeld"]
[BlackTeam "Biberach"]
[WhiteTeamCountry "GER"]
[BlackTeamCountry "GER"]

1. e4 c6 2. d4 d5 3. exd5 cxd5 4. Bd3 Nc6 5. c3 Nf6 6. h3 e6 7. Nf3 Be7 8. 0-0 0-0 9. Ne5 Bd7 10. Bf4 Nxe5 11. Bxe5 Rc8 12. Nd2 Qb6 13. Rb1 Bb5 14. Qf3 a6 15. Rfe1 Bxd3 16. Qxd3 Nd7 17. Nf3 Nxe5 18. Nxe5 Qd6 19. Re3 Bg5 20. Re2 Rce8 21. Rbe1 Re7 22. Nf3 Bh6 23. Nh4 g6 24. Nf3 Rfe8 25. Ne5 Bg7 26. Re3 f6 27. Ng4 e5 28. dxe5 fxe5 29. Rd1 Rd8 30. Qe2 b5 31. Red3 Qc5 32. Qe3 Qc6 33. Qd2 d4 34. cxd4 exd4 35. Nh2 Rde8 36. Nf3 Re2 37. Qc1 Qxc1 38. Rxc1 Rxb2 39. Nxd4 Bxd4 40. Rxd4 Rxa2 41. Rd7 Rae2 42. Rcc7 Re1+ 43. Kh2 R1e2 44. Rg7+ Kh8 1/2-1/2

[Event "GER-chT U20"]
[Site "Osnabrueck"]
[Date "2018.12.28"]
[Round "3.5"]
[White "Lorenz, Anouk"]
[Black "Pitz, Sebastian"]
[Result "1-0"]
[WhiteElo "1413"]
[BlackElo "1500"]
[PlyCount "96"]
[EventDate "2018.12.27"]
[EventType "team-swiss"]
[EventRounds "7"]
[EventCountry "GER"]
[SourceTitle "CBM 188 Extra"]
[Source "ChessBase"]
[SourceDate "2019.02.26"]
[SourceVersion "1"]
[SourceVersionDate "2019.02.26"]
[SourceQuality "1"]
[WhiteTeam "Saalfeld"]
[BlackTeam "Bensheim"]
[WhiteTeamCountry "GER"]
[BlackTeamCountry "GER"]

1. e4 c5 2. Nf3 d6 3. d4 cxd4 4. Nxd4 Nf6 5. Nc3 a6 6. Be3 e5 7. Nb3 Be6 8. Be2 Be7 9. 0-0 0-0 10. f3 b5 11. Nd5 Nxd5 12. exd5 Bc8 13. c3 Bb7 14. a4 Qe8 15. axb5 axb5 16. Rxa8 Bxa8 17. Qd3 Bd8 18. Rd1 Na6 19. Qxb5 Nc7 20. Qxe8 Rxe8 21. c4 Bf6 22. Nd2 g6 23. Ne4 Be7 24. b4 f5 25. Nc3 Bf6 26. Na4 e4 27. Bb6 exf3 28. Bxf3 Rc8 29. c5 dxc5 30. bxc5 Nb5 31. c6 Be7 32. Bc5 Bd8 33. Nb6 Bxb6 34. Bxb6 Nd6 35. Bc5 Nb5 36. d6 Bxc6 37. Bxc6 Nc3 38. d7 Rb8 39. Bd5+ Kg7 40. Bd4+ Kf8 41. Bxc3 Ke7 42. Bc6 Ke6 43. d8Q Rxd8 44. Rxd8 h5 45. Rg8 Kd6 46. Rxg6+ Kc7 47. Bf3 h4 48. Be5+ Kd7 1-0

[Event "GER-chT U20"]
[Site "Osnabrueck"]
[Date "2018.12.28"]
[Round "4.5"]
[White "Lorenz, Anouk"]
[Black "Saive, Philipp"]
[Result "0-1"]
[WhiteElo "1413"]
[BlackElo "1715"]
[PlyCount "90"]
[EventDate "2018.12.27"]
[EventType "team-swiss"]
[EventRounds "7"]
[EventCountry "GER"]
[SourceTitle "CBM 188 Extra"]
[Source "ChessBase"]
[SourceDate "2019.02.26"]
[SourceVersion "1"]
[SourceVersionDate "2019.02.26"]
[SourceQuality "1"]
[WhiteTeam "Saalfeld"]
[BlackTeam "Lambsheim"]
[WhiteTeamCountry "GER"]
[BlackTeamCountry "GER"]

1. e4 d5 2. exd5 Nf6 3. d4 Bg4 4. Nf3 Nxd5 5. c4 Nf6 6. Be3 Nc6 7. Be2 e6 8. a3 a5 9. Nc3 Bd6 10. Nb5 0-0 11. 0-0 Re8 12. Bg5 Be7 13. Be3 Bf8 14. Qc2 Ne7 15. Rad1 c6 16. Nc3 Nf5 17. h3 Nxe3 18. fxe3 Bh5 19. Ng5 Bg6 20. Bd3 Bxd3 21. Qxd3 g6 22. Qe2 h6 23. Nge4 Nxe4 24. Nxe4 f5 25. Nc3 Bg7 26. Qf2 Qg5 27. Ne2 Rad8 28. h4 Qg4 29. Nf4 e5 30. Ne2 exd4 31. Nxd4 c5 32. Nf3 Qxc4 33. Rc1 Qb3 34. Rxc5 Bxb2 35. Rc2 Bxa3 36. Re1 Bb4 37. Rec1 Qxe3 38. Qxe3 Rxe3 39. Rc7 b6 40. R7c6 Bc5 41. Rxg6+ Kh7 42. Rf6 Re1+ 43. Kh2 Rxc1 44. Rxf5 Rg8 45. Rf7+ Rg7 0-1

[Event "BL2 Ost 1819 (Women)"]
[Site "Germany"]
[Date "2018.11.18"]
[Round "4.5"]
[White "Hartmann, Anne"]
[Black "Lorenz, Anouk"]
[Result "1/2-1/2"]
[WhiteElo "1810"]
[BlackElo "1359"]
[PlyCount "90"]
[EventDate "2018.10.27"]
[EventType "team-tourn"]
[EventRounds "7"]
[EventCountry "GER"]
[SourceTitle "CBM 190 Extra"]
[Source "ChessBase"]
[SourceDate "2019.07.15"]
[SourceVersion "1"]
[SourceVersionDate "2019.07.15"]
[SourceQuality "1"]
[WhiteTeam "Dresden USV TU (W)"]
[BlackTeam "Saalfeld (W)"]
[WhiteTeamCountry "GER"]
[BlackTeamCountry "GER"]

1. c4 f5 2. d4 g6 3. Nc3 Bg7 4. Nf3 Nf6 5. e3 0-0 6. Bd3 d6 7. 0-0 Qe8 8. d5 h6 9. Re1 e5 10. dxe6 Bxe6 11. e4 fxe4 12. Nxe4 Qf7 13. Qc2 Bf5 14. Be3 Nc6 15. a3 Bxe4 16. Bxe4 Nxe4 17. Qxe4 Bxb2 18. Rab1 Bg7 19. Rxb7 Na5 20. Rb4 Bc3 21. Bxh6 Rfe8 22. Qb1 Rxe1+ 23. Nxe1 Bxb4 24. Qxb4 Nxc4 25. Qc3 Kh7 26. Bc1 Rf8 27. Nf3 Kg8 28. Bh6 Rb8 29. h3 Ne5 30. Nxe5 dxe5 31. Qxe5 Re8 32. Qc3 Rb8 33. Qd4 a6 34. Kh2 Qe7 35. g3 Rd8 36. Qc4+ Kh7 37. Be3 a5 38. h4 Rd7 39. Qc3 a4 40. Bg5 Qe2 41. Be3 Qd3 42. Qc6 Qd5 43. Qxa4 Rf7 44. Qb4 c6 45. Bc5 Qe6 1/2-1/2

[Event "EU-chT U12 Girls"]
[Site "Bad Blankenburg"]
[Date "2018.07.14"]
[Round "4.2"]
[White "Pentcheff, Laura"]
[Black "Lorenz, Anouk"]
[Result "1-0"]
[WhiteElo "1594"]
[BlackElo "1390"]
[PlyCount "55"]
[EventDate "2018.07.12"]
[EventType "team-tourn"]
[EventRounds "10"]
[EventCountry "GER"]
[SourceTitle "EXT 2019"]
[Source "ChessBase"]
[SourceDate "2018.10.10"]
[SourceVersion "1"]
[SourceVersionDate "2018.10.10"]
[SourceQuality "1"]
[WhiteTeam "France U12 Girls"]
[BlackTeam "Germany U12 Girls III"]
[WhiteTeamCountry "FRA"]
[BlackTeamCountry "GER"]

1. d4 f5 2. c4 g6 3. Nf3 Bg7 4. g3 Nf6 5. Bg2 0-0 6. 0-0 d6 7. Nc3 a6 8. Rb1 Qe8 9. d5 e5 10. dxe6 Bxe6 11. b3 Nc6 12. Ng5 Bd7 13. Nd5 Nxd5 14. Bxd5+ Kh8 15. Qd2 Rb8 16. Bb2 Ne5 17. h3 c6 18. Bg2 h6 19. Nf3 Nxf3+ 20. Bxf3 f4 21. Bg2 Bf5 22. Qxf4 g5 23. Qxd6 Kg8 24. Bxg7 Kxg7 25. Rb2 Rd8 26. Qb4 Rf7 27. Rd2 Re7 28. e3 1-0

[Event "GER-ch U12 Girls"]
[Site "Willingen"]
[Date "2018.05.20"]
[Round "2"]
[White "Alferova, Emily"]
[Black "Lorenz, Anouk"]
[Result "0-1"]
[WhiteElo "1323"]
[BlackElo "1459"]
[PlyCount "120"]
[EventDate "2018.05.19"]
[EventType "swiss"]
[EventRounds "11"]
[EventCountry "GER"]
[SourceTitle "CBM 184 Extra"]
[Source "ChessBase"]
[SourceDate "2018.06.28"]
[SourceVersion "1"]
[SourceVersionDate "2018.06.28"]
[SourceQuality "1"]

1. e4 c5 2. d4 cxd4 3. c3 dxc3 4. Nxc3 e6 5. a3 Nc6 6. Nf3 d6 7. Bc4 Be7 8. 0-0 Nf6 9. Qe2 0-0 10. Rd1 Qc7 11. Nb5 Qb8 12. Nc3 a6 13. h3 b5 14. Ba2 Bb7 15. Be3 Qc7 16. Rac1 Rac8 17. b4 Rfd8 18. Qb2 Ba8 19. a4 Qb8 20. a5 d5 21. exd5 exd5 22. Nxd5 Nxd5 23. Bxd5 Nxb4 24. Bxa8 Qxa8 25. Rxc8 Qxc8 26. Rc1 Qb7 27. Bb6 Rc8 28. Rxc8+ Qxc8 29. Qe5 Bf6 30. Qe4 Nc6 31. Nd2 h6 32. Nb3 Bc3 33. Qc2 Be5 34. Nc5 Nb8 35. Qe4 Nd7 36. Qb7 Qxb7 37. Nxb7 Kf8 38. Bc5+ Ke8 39. Kf1 f6 40. Ke2 Bc7 41. Bb4 Kf7 42. Ke3 Ke6 43. Ke4 f5+ 44. Kd4 g5 45. f3 Be5+ 46. Kd3 h5 47. Nd8+ Kd5 48. Nf7 Bf6 49. Bc3 Bxc3 50. Kxc3 g4 51. fxg4 fxg4 52. hxg4 hxg4 53. Nh6 Nf6 54. Nf5 Kc5 55. Nd4 Nd5+ 56. Kd3 Nf4+ 57. Ke4 Nxg2 58. Ne6+ Kb4 59. Nd4 Kxa5 60. Nc6+ Ka4 0-1

[Event "Erfurt AT op 27th"]
[Site "Erfurt"]
[Date "2017.12.28"]
[Round "4"]
[White "Lorenz, Anouk"]
[Black "Schwier, Alexander"]
[Result "0-1"]
[WhiteElo "1310"]
[BlackElo "1500"]
[PlyCount "46"]
[EventDate "2017.12.27"]
[EventType "swiss"]
[EventRounds "7"]
[EventCountry "GER"]
[SourceTitle "CBM 182 Extra"]
[Source "ChessBase"]
[SourceDate "2018.02.23"]
[SourceVersion "1"]
[SourceVersionDate "2018.02.23"]
[SourceQuality "1"]

1. e4 e5 2. Nf3 Nc6 3. Bc4 Nf6 4. Nc3 Nxe4 5. Bxf7+ Kxf7 6. Nxe4 Be7 7. d3 h6 8. c3 Re8 9. b4 d5 10. Ng3 Bd6 11. Nd2 e4 12. dxe4 Bxg3 13. fxg3 Kg8 14. 0-0 dxe4 15. Qe2 Qd3 16. Qf2 Be6 17. Bb2 e3 18. Qf3 Bd5 19. Qg4 Qxd2 20. Qh3 Qxb2 21. a3 Rf8 22. Rfd1 Rf2 23. Ra2 Qxa2 0-1

[Event "Erfurt op (Women)"]
[Site "Erfurt"]
[Date "2017.07.31"]
[Round "1"]
[White "Limanovska, Elizabete"]
[Black "Lorenz, Anouk"]
[Result "1-0"]
[WhiteElo "2056"]
[BlackElo "1287"]
[PlyCount "71"]
[EventDate "2017.07.31"]
[EventType "swiss"]
[EventRounds "9"]
[EventCountry "GER"]
[SourceTitle "CBM 179 Extra"]
[Source "ChessBase"]
[SourceDate "2017.08.23"]
[SourceVersion "1"]
[SourceVersionDate "2017.08.23"]
[SourceQuality "1"]

1. e4 c5 2. Nf3 Nc6 3. Bb5 g6 4. 0-0 Bg7 5. Re1 e6 6. c3 Nge7 7. Bf1 0-0 8. d3 b5 9. Be3 d6 10. Qd2 Bb7 11. g3 d5 12. Bxc5 d4 13. cxd4 Nxd4 14. Nxd4 Bxd4 15. Bxd4 Qxd4 16. Nc3 a6 17. Rac1 Qd7 18. Bg2 Nc6 19. e5 Rab8 20. Ne4 Kg7 21. Nc5 Qd8 22. Nxb7 Rxb7 23. Rxc6 a5 24. Rec1 Rb8 25. Rd6 Qe7 26. Qxa5 Rb7 27. Bxb7 Qxb7 28. Rdc6 Ra8 29. Qc7 Qxc7 30. Rxc7 Rxa2 31. Rb7 Rxb2 32. Rcc7 Kh6 33. Rxf7 Kg5 34. Kg2 h5 35. h4+ Kg4 36. Rf4# 1-0

[Event "GER-ch U10 Girls"]
[Site "Willingen"]
[Date "2016.05.21"]
[Round "11"]
[White "Lorenz, Anouk"]
[Black "Antonava, Sviatlana"]
[Result "1-0"]
[WhiteElo "1187"]
[BlackElo "1156"]
[PlyCount "25"]
[EventDate "2016.05.15"]
[EventType "swiss"]
[EventRounds "11"]
[EventCountry "GER"]
[SourceTitle "CBM 172 Extra"]
[Source "ChessBase"]
[SourceDate "2016.06.21"]
[SourceVersion "1"]
[SourceVersionDate "2016.06.21"]
[SourceQuality "1"]

1. e4 b6 2. d4 Bb7 3. Bd3 e6 4. Nf3 c5 5. c3 d5 6. Qe2 Nd7 7. 0-0 Qf6 8. Bg5 Qg6 9. exd5 Qh5 10. dxe6 Bxf3 11. exd7+ Kxd7 12. Bb5+ Kd6 13. Qe5# 1-0